000 00614nam a2200241 i 4500
001 C2-0256088
003 PPAK
005 20180727223605.0
008 040629s2002 nyu |||| ||||| | eng d
020 _a0446613266
040 _aPPAK
_beng
_cPPAK
_erda
082 0 4 _a823
_223
090 0 0 _a823
_bPAT
_dG
100 1 _aPatterson, James,
_eauthor
245 1 0 _aFour blind mice
264 1 _aNew York :
_bWarner Books ,
_c2002
300 _a404 pages ;
_c17 cm
336 _2rdacontent
_atext
337 _2rdamedia
_aunmediated
338 _2rdacarrier
_avolume
650 1 0 _aEnglish fiction
942 _ddc
_cB
999 _c68347
_d68347